[Finančné aspekty decentralizácie verejnej správy]

Recenzia na monografiu Finančné aspekty decentralizácie verejnej správy. Predkladaná publikácia sa sústreďuje na ťažiskové problémy súvisiace s celkovým postavením územnej samosprávy v systéme verejnej správy s osobitným akcentom na finančné toky v rámci tohto systému a v nadväznosti na uvedené je v...

Celý popis

Uložené v:
Podrobná bibliografia
Hlavný autor: Beličková, Kornélia, 1966-
Médium: Kapitola
Jazyk:Slovak
Predmet:
Tagy: Pridať tag
Žiadne tagy, Buďte prvý, kto otaguje tento záznam!

MARC

LEADER 00000naa$a2200000$$$4500
001 0008915
005 20240502071354.5
041 0 |a slo 
044 |a SK 
245 1 0 |a [Finančné aspekty decentralizácie verejnej správy]  |c rec. Kornélia Beličková 
520 |a Recenzia na monografiu Finančné aspekty decentralizácie verejnej správy. Predkladaná publikácia sa sústreďuje na ťažiskové problémy súvisiace s celkovým postavením územnej samosprávy v systéme verejnej správy s osobitným akcentom na finančné toky v rámci tohto systému a v nadväznosti na uvedené je vhodne štruktúrovaná do siedmich kapitol. 
610 2 0 |a decentralizácia 
610 2 0 |a správa verejná 
610 2 0 |a financovanie 
610 2 0 |a sektor verejný 
610 2 0 |a správa štátna 
610 2 0 |a recenzie 
100 1 |a Beličková, Kornélia, 1966-